SEZNAMOVÁNÍ DĚTÍ S KRÁSNOU LITERATUROU

Bibliographic Details
Main Author: Neherová, Marie (Author)
Format: Article
Language:Czech

MARC

LEADER 00000nab a2200000uu 4500
001 vtls011142808
003 SK-MaSNL
005 20260303111555.0
008 230121|1957 xo |||||||||||||||||cze|
015 |a SNBRB 
035 |a (urnnbn)urn:nbn:sk:snk:ar-008f3e 
035 |a (uuid)81a6c82b-87ef-4686-9727-692cc233c41f 
035 |a urn:nbn:sk:snk-abau7d 
040 |a SNKBUCL  |b slo  |c SNKBUCL  |e AACR2 
041 0 |a cze 
044 |a xo  |c SK 
100 1 |a Neherová, Marie  |4 aut  |9 1124229 
245 1 0 |a SEZNAMOVÁNÍ DĚTÍ S KRÁSNOU LITERATUROU  |c Marie Neherová 
773 0 |t Předškolní výchova  |g Roč. 11, č. 1 (1957), s. 15-23 
954 |a odborná, vedecká literatúra cudzojazyčná (svetová)  |2 lita 
958 |a OND 
958 |a EUIPO 
958 |a article14 
999 |c 1878413  |d 1880343